| 000 | 00729nam a2200253Ia 4500 | ||
|---|---|---|---|
| 008 | 160319s9999 xx 000 0 und d | ||
| 020 | _a9715131816 | ||
| 050 | _aFIL RT 81.5 | ||
| 050 | _b.A87 2005 c.2 | ||
| 100 | _aAsperas, Carlito Manalaysay. | ||
| 245 | _aIntroduction to basic nursing research : | ||
| 245 | _btrends, methods & applications / | ||
| 245 | _cCarlito Manalaysay Asperas. | ||
| 260 | _aManila : | ||
| 260 | _bEducational Pub. House, | ||
| 260 | _c2005 | ||
| 300 | _a258 pages : | ||
| 300 | _billustrations ; | ||
| 300 | _c27 cm. | ||
| 500 | _aIncludes bibliographical references. | ||
| 650 | _aNursing. | ||
| 650 | _aNursiong -- Research -- Methodology. | ||
| 650 | _xNursing -- Research. | ||
| 999 |
_c291911 _d291911 |
||